| 000 | 00586cam a22002291 4500 | ||
|---|---|---|---|
| 001 | ne 66001417 | ||
| 003 | DLC | ||
| 005 | 20260227111825.0 | ||
| 008 | 890127s1966 xx 000 0 ara | ||
| 010 | _ane 66001417 | ||
| 035 | _a(OCoLC)23482752 | ||
| 040 |
_aDLC _cMiU _dDLC |
||
| 042 | _apremarc | ||
| 050 | 0 | 0 |
_aHN783.5 _b.A64 1966 |
| 100 | 1 | _aAḥmad, ʻAlī Fuʼād. | |
| 245 | 1 | 0 | _a'Ilm al-ijtimā' al-rifī. |
| 260 | _c[1966] | ||
| 300 |
_a8, 388 p. _c24 cm. |
||
| 504 | _aBibliographical footnotes. | ||
| 650 | 0 | _aSociology, Rural | |
| 651 | 0 |
_aEgypt _xRural conditions. |
|
| 999 |
_c49051 _d49051 |
||